00000000nam 2200000zi 4500
0019.932313
003CaOODSP
00520241121141621
006m     o  d f      
007cr |n|||||||||
008240111e198107##onca||| ob   f000 0|eng d
040 |aCaOODSP|beng|erda|cCaOODSP
043 |an-cn---
0861 |aCo22-661/1981E-PDF
1001 |aAngers, Denis, |eauthor.
24510|aStudy of the use of the subsidiary communications channel (EMCS-SCMO) in a frequency modulation system and its assignment to other uses : |bfinal report / |cby Denis Angers, Gilles Y. Delisle, Magella Bouchard.
264 1|a[Ottawa] : |b[Department of Communications], |cJuly 1981.
300 |a1 online resource (84, [10] pages) : |billustrations
336 |atext|btxt|2rdacontent
337 |acomputer|bc|2rdamedia
338 |aonline resource|bcr|2rdacarrier
500 |aDigitized edition from print [produced by Innovation, Science and Economic Development Canada].
500 |aIssued also in French under title : Étude de l'utilisation du canal réservé aux communications secondaires (EMCS-SCMO) dans un système à modulation de fréquences et de son affection à des fins autres que présentés : rapport final.
500 |a"Report No. LT-81-8277."
500 |a"Telecommunications Laboratory, Department of Electrical Engineering, Laval University, Quebec, Canada."
500 |a"Original : French."
504 |aIncludes bibliographical references (page 84).
650 0|aFM broadcasting.
650 0|aRadio frequency allocation.
650 0|aRadio frequency modulation.
7101 |aCanada. |bDepartment of Communications, |eissuing body.
7102 |aUniversité Laval. |bLaboratoire de télécommunications, |eissuing body.
77508|tÉtude de l'utilisation du canal réservé aux communications secondaires (EMCS-SCMO) dans un système à modulation de fréquences et de son affection à des fins autres que présentés : |w(CaOODSP)9.945423
85640|qPDF|s3689 KB|uhttps://publications.gc.ca/collections/collection_2024/isde-ised/Co22-661-1981-eng.pdf